Career counseling

Bibliographic Details
Main Authors: Nathan, Robert (Author), Hill, Linda A. [ (Linda Annette)] , 1956- (Author)
Format: Book
Published: London : Newbury Park, CAL. ; Sage Publications , 1992
Series:Counselling in practice
Subjects:

MARC

LEADER 00000cam a2200000 7i4500
001 0000021113
005 20170709093000.0
008 021119n
020 |a 0803986955 
020 |a 0803986963 pbk 
090 0 0 |a HF5381   |b .N2 1992 
100 0 |a Nathan, Robert ,   |e author 
245 0 0 |a Career counseling   |c Robert Nathan & Linda Hill 
260 2 |a London :   |b Newbury Park, CAL. ; Sage Publications ,   |c 1992 
300 |a 159 p. ; :   |b ill. ; ;   |c 22 cm. 
440 0 0 |a Counselling in practice 
650 0 |a Vocational guidance 
700 0 |a Hill, Linda A. [  |q (Linda Annette)] ,   |d 1956- ,   |e author 
999 |a 1000010958   |b Book   |c OPEN SHELF (30 DAYS)   |e Gong Badak Campus